000 00897cam a22002291 4500
001 sa 66001019
003 DLC
005 20260227112219.0
008 960923s1959 pk c 000 0 pusr
010 _asa 66001019
025 _aPL480:P-Pushto-29
035 _a(OCoLC)35618843
040 _aDLC
_cCLU
_dCLU
_dDLC
042 _apremarc
050 0 0 _aPJ91
_b.K3
100 1 _aKaws̲ar, Ḥusayn Bakhsh.
245 0 0 _aHind Arūpāʻī u da Sāmī zhabo wạyshạnah,
_bda zhabpūhanay u da jughrāfạy u da ishtigāgī tārīkh pah raṇā Kaṣhī.
_cauthor: Kaws̲ar Ghoriyā Khel.
246 1 4 _aDivision of Indo European and Semetic [sic] languages, a sketch of philological geography and etymological history, by Kausar Ghoria Khail.
260 _aPeṣhawar,
_bNiẓām-i Shṭeshanarī Mārṭ
_c[1959]
300 _a15, 152 p.
_bport.
_c19 cm.
650 0 _aOriental languages
_xHistory.
999 _c67555
_d67555